[Event "Dortmund Sparkassen op-A 46th"]
[Site "Dortmund"]
[Date "2018.07.21"]
[Round "8"]
[White "Alghawi, Abdullah"]
[Black "Homfeldt, Christopher"]
[Result "0-1"]
[WhiteElo "1916"]
[BlackElo "1818"]
[PlyCount "136"]
[EventDate "2018.07.14"]
[EventType "swiss"]
[EventRounds "9"]
[EventCountry "GER"]
[SourceTitle "CBM 185 Extra"]
[Source "ChessBase"]
[SourceDate "2018.07.29"]
[SourceVersion "1"]
[SourceVersionDate "2018.07.29"]
[SourceQuality "1"]

1. Nf3 c5 2. g3 Nc6 3. Bg2 g6 4. d4 cxd4 5. Nxd4 Bg7 6. Nb3 d6 7. 0-0 Nf6 8. Nc3 Be6 9. e4 0-0 10. Nd5 Nd7 11. c3 a6 12. h4 Nce5 13. Bg5 f6 14. Bf4 b5 15. Nd4 Bf7 16. Bh3 f5 17. Bg5 Nf6 18. Bxf6 exf6 19. Nf4 fxe4 20. Nde6 Nf3+ 21. Kg2 Qe7 22. Nd5 Qb7 23. Nxf8 Rxf8 24. Nf4 Nd2 25. Kg1 Nxf1 26. Kxf1 Bc4+ 27. Kg1 Qe7 28. a4 f5 29. axb5 axb5 30. Qc2 Qf7 31. Ra6 Be5 32. Qd2 b4 33. Rc6 bxc3 34. bxc3 Rb8 35. Ne2 Bb5 36. Rxd6 Bxd6 37. Qxd6 Rc8 38. Nd4 Bd7 39. Qb4 Qd5 40. Bf1 Be6 41. Qe7 Bf7 42. Ne2 Qd8 43. Qe5 Bc4 44. h5 Qc7 45. Qf6 Qc6 46. Qe5 Qd5 47. Qf6 Rc6 48. Qe7 Qf7 49. Qd8+ Qf8 50. Qd4 Qd6 51. Qa7 Ra6 52. Qe3 Ra1 53. Kg2 Rxf1 54. Kxf1 Qd1+ 55. Kg2 Qxe2 56. Qd4 Qd3 57. Qc5 Qf3+ 58. Kg1 Qd1+ 59. Kh2 Qxh5+ 60. Kg1 Qd1+ 61. Kh2 Qh5+ 62. Kg1 Be2 63. Qd5+ Kg7 64. Qd4+ Kh6 65. Qe5 g5 66. Qc5 Qg6 67. Qf8+ Kh5 68. Kh2 Kg4 0-1

[Event "Dortmund Sparkassen op-A 46th"]
[Site "Dortmund"]
[Date "2018.07.19"]
[Round "6"]
[White "Alghawi, Abdullah"]
[Black "Buechle, Manfred"]
[Result "1-0"]
[WhiteElo "1916"]
[BlackElo "2037"]
[PlyCount "101"]
[EventDate "2018.07.14"]
[EventType "swiss"]
[EventRounds "9"]
[EventCountry "GER"]
[SourceTitle "CBM 185 Extra"]
[Source "ChessBase"]
[SourceDate "2018.07.29"]
[SourceVersion "1"]
[SourceVersionDate "2018.07.29"]
[SourceQuality "1"]

1. e4 c5 2. Nf3 Nc6 3. d4 cxd4 4. Nxd4 Nf6 5. Nc3 d6 6. Bg5 e6 7. Qd2 Be7 8. 0-0-0 a6 9. Bxf6 gxf6 10. f4 Bd7 11. Kb1 Rc8 12. Be2 b5 13. Bh5 Nxd4 14. Qxd4 Rc4 15. Qd3 Qc7 16. f5 0-0 17. Rhf1 b4 18. Ne2 Bb5 19. Nd4 Rxd4 20. Qxd4 Bxf1 21. Rxf1 Rc8 22. Bd1 Qc4 23. Qf2 Qxe4 24. Re1 Qc4 25. Qg3+ Kh8 26. fxe6 fxe6 27. Qh3 e5 28. Qd7 Qc7 29. Qf5 Rg8 30. Bf3 Qc8 31. Qd3 f5 32. Bd5 Rg4 33. Qe2 Rd4 34. Bb3 Re4 35. Qd1 Rxe1 36. Qxe1 Qc5 37. a3 bxa3 38. bxa3 Bf6 39. Qg3 Bg7 40. Qg5 Qc7 41. Qxf5 h6 42. Qe6 Qd8 43. h4 Qf8 44. g4 e4 45. Ka2 Be5 46. g5 hxg5 47. hxg5 Qg7 48. Qh3+ Qh7 49. Qe6 Qg7 50. Qe8+ Kh7 51. Qh5+ 1-0

[Event "Dortmund Sparkassen op-A 46th"]
[Site "Dortmund"]
[Date "2018.07.14"]
[Round "1"]
[White "Alghawi, Abdullah"]
[Black "Steinle, Carsten"]
[Result "0-1"]
[WhiteElo "1916"]
[BlackElo "2159"]
[PlyCount "29"]
[EventDate "2018.07.14"]
[EventType "swiss"]
[EventRounds "9"]
[EventCountry "GER"]
[SourceTitle "CBM 185 Extra"]
[Source "ChessBase"]
[SourceDate "2018.07.29"]
[SourceVersion "1"]
[SourceVersionDate "2018.07.29"]
[SourceQuality "1"]

1. e4 e6 2. d3 d5 3. Nd2 Nf6 4. Ngf3 b6 5. g3 dxe4 6. dxe4 Bc5 7. Bg2 Ba6 8. c4 Qd3 9. Qb3 Qxb3 10. axb3 Bb7 11. Ne5 Bb4 12. f3 Nbd7 13. Nd3 0-0-0 14. Ke2 Be7 15. e5 0-1

[Event "Ruhrgebiet Verbandsklasse Gruppe 1 1718"]
[Site "Germany"]
[Date "2017.09.17"]
[Round "1.8"]
[White "Buechle, Regina"]
[Black "Alghawi, Abdullah"]
[Result "0-1"]
[WhiteElo "1695"]
[BlackElo "1582"]
[PlyCount "66"]
[EventDate "2017.09.17"]
[EventType "team-tourn"]
[EventRounds "9"]
[EventCountry "GER"]
[SourceTitle "EXT 2022"]
[Source "ChessBase"]
[SourceDate "2021.10.06"]
[SourceVersion "1"]
[SourceVersionDate "2021.10.06"]
[SourceQuality "1"]
[WhiteTeam "Wattenscheid SV III"]
[BlackTeam "Dortmund FS"]
[WhiteTeamCountry "GER"]
[BlackTeamCountry "GER"]

1. d4 Nf6 2. Nf3 g6 3. c4 Bg7 4. Nc3 0-0 5. e4 d6 6. Be2 e5 7. d5 a5 8. 0-0 Na6 9. Re1 Nc5 10. Bf1 Nfd7 11. Be3 f5 12. exf5 gxf5 13. Qd2 f4 14. Bxc5 Nxc5 15. Bd3 Kh8 16. Ne4 b6 17. Rac1 Rg8 18. Neg5 Qe8 19. Bxh7 Bh6 20. Bxg8 Qxg8 21. h4 Qg6 22. g3 Bg4 23. Rc3 Rf8 24. Kg2 e4 25. Nd4 Bxg5 26. hxg5 Qxg5 27. Rh1+ Kg8 28. Kg1 e3 29. Qc2 exf2+ 30. Kf1 Rf7 31. Nf3 Qe7 32. Kxf2 Ne4+ 33. Kf1 fxg3 0-1